ბათუმის შოთა რუსთაველის სახელმწიფო უნივერსიტეტის ბიბლიოთეკა

Solar Energy : (ბიბ.ჩანაწერი № 54342)

000 -LEADER
fixed length control field 00804nam a2200241Ia 4500
001 - CONTROL NUMBER
control field 21398
003 - CONTROL NUMBER IDENTIFIER
control field GE_BSU
005 - DATE AND TIME OF LATEST TRANSACTION
control field 20221122164029.0
008 - FIXED-LENGTH DATA ELEMENTS--GENERAL INFORMATION
fixed length control field 181216s2016||||enk|||||||||||||| ||eng||
020 ## - INTERNATIONAL STANDARD BOOK NUMBER
International Standard Book Number 9781906860325x
040 ## - CATALOGING SOURCE
Transcribing agency GE_BSU
041 ## - LANGUAGE CODE
Language code of text/sound track or separate title eng
080 ## - UNIVERSAL DECIMAL CLASSIFICATION NUMBER
Universal Decimal Classification number 621.31 S-70
245 ## - TITLE STATEMENT
Title Solar Energy :
Remainder of title The Physics and Engineering of Photovoltaic Conversion, Technologies and Systems /
Statement of responsibility, etc. Arno Smets, Klaus Jäger, Isabella Olindo, René van Swaaij, Miro Zeman.
264 ## - PRODUCTION, PUBLICATION, DISTRIBUTION, MANUFACTURE, AND COPYRIGHT NOTICE
Place of production, publication, distribution, manufacture Cambridge :
Name of producer, publisher, distributor, manufacturer UIT Cambridge Ltd,
Date of production, publication, distribution, manufacture, or copyright notice 2016.
300 ## - PHYSICAL DESCRIPTION
Extent 462 p. :
Other physical details ill. ;
Dimensions 24 cm.
653 ## - INDEX TERM--UNCONTROLLED
keyword Solar Energy
653 ## - INDEX TERM--UNCONTROLLED
keyword The Physics and Engineering of Photovoltaic Conversion, Technologies and Systems
653 ## - INDEX TERM--UNCONTROLLED
keyword Физика
653 ## - INDEX TERM--UNCONTROLLED
keyword ფიზიკა
942 ## - ADDED ENTRY ELEMENTS (KOHA)
Koha item type წიგნი
Source of classification or shelving scheme
ეგზემპლარები
Withdrawn status Lost status Source of classification or shelving scheme Damaged status Not for loan Permanent Location Current Location Shelving location Date acquired Cost, normal purchase price Full call number Barcode Date last seen Copy number Price effective from Koha item type Public note
          ბათუმის შოთა რუსთაველის სახელმწიფო უნივერსიტეტის მთავარი ბიბლიოთეკა ბათუმის შოთა რუსთაველის სახელმწიფო უნივერსიტეტის მთავარი ბიბლიოთეკა წიგნსაცავი 2018-12-17 100.00 621.31 S-70 55360 2018-12-17 55360 2018-12-17 წიგნი 100.00 GEL.